Let's get to the nitty gritty : the autobiography of Horace Silver /

Bibliographic Details
Main Author: Silver, Horace, 1928-2014
Other Authors: Pastras, Philip
Format: Book
Language:English
Published: Berkeley, Calif. : University of California Press, [2006]
Subjects:
Online Access:Table of contents

MARC

Tag First Indicator Second Indicator Subfields
LEADER 00000cam a22000004a 4500
001 in00002115913
005 20151103055127.0
008 050722s2006 cauaf bk s001 0aeng
010 |a  2005021232 
015 |a GBA628458  |2 bnb 
016 7 |a 013415702  |2 Uk 
020 |a 0520243749 (cloth : alk. paper) 
024 3 |a 9780520243743 
035 |a (OCoLC)ocm61162235 
040 |a DLC  |c DLC  |d BAKER  |d C#P  |d UKM  |d UtOrBLW 
042 |a pcc 
043 |a n-us--- 
049 |a TXAM 
050 0 0 |a ML417.S64  |b A3 2006 
100 1 |a Silver, Horace,  |d 1928-2014. 
245 1 0 |a Let's get to the nitty gritty :  |b the autobiography of Horace Silver /  |c Horace Silver ; edited, with afterword, by Phil Pastras ; foreword by Joe Zawinul. 
264 1 |a Berkeley, Calif. :  |b University of California Press,  |c [2006] 
264 4 |c ©2006 
300 |a xviii, 264 pages, 12 unnumbered pages of plates :  |b illustrations ;  |c 24 cm. 
336 |a text  |b txt  |2 rdacontent 
337 |a unmediated  |b n  |2 rdamedia 
338 |a volume  |b nc  |2 rdacarrier 
504 |a Includes discography (pages 197-243), bibliographical references (pages 245-246), and index. 
505 0 |a Childhood -- Dreaming my dreams : teenage years -- Lady music and the messengers : early adult years -- The quintet -- Westward bound : middle years -- Off the merry-go-round : later years. 
600 1 0 |a Silver, Horace,  |d 1928-2014. 
650 0 |a Jazz musicians  |z United States  |v Biography. 
650 0 |a Pianists  |z United States  |v Biography. 
700 1 |a Pastras, Philip. 
856 4 1 |3 Table of contents  |u http://www.loc.gov/catdir/toc/ecip0516/2005021232.html  |t 0 
945 |i PromptCat 
947 |a A14832741249 
994 |a 92  |b TXA 
948 |a cataloged  |b h  |c 2006/4/11  |d c  |e aklinger  |f 11:47:44 am 
999 |a MARS 
999 f f |s 5e1899a4-8149-3234-bb21-831400cf7425  |i c400ffab-1396-3bba-898a-49d88f92676d  |t 0 
952 f f |p normal  |a Texas A&M University  |b College Station  |c Sterling C. Evans Library  |d Evans: Library Stacks  |t 0  |e ML417.S64 A3 2006  |h Library of Congress classification  |i unmediated -- volume  |m A14832741249 
998 f f |a ML417.S64 A3 2006  |t 0  |l Evans: Library Stacks